Zgadnij jaki to piłkarz | level easy - Statystyki

Ogólne statystyki
  • Ten quiz został rozwiązany 1 727 razy
  • Średni wynik to 11 z 15
Statystyki odpowiedzi
Podpowiedź Odpowiedź % Poprawnych
Sporting Lizbona --> Manchester United --> Real Madryt --> Juventus Cristiano Ronaldo
93%
Ugryzł Giorgio Chielliniego podczas meczu Luis Suarez
86%
MVP Mistrzostw Świata 2018 i zdobywca złotej piłki 2018 Luka Modric
85%
Szwedzki napastnik obecnie grający w LA Galaxy Zlatan Ibrahimovic
85%
Reprezentant Francji, znany ze swoich cieszynek i fryzur Paul Pogba
80%
Zawodnik z polskimi korzeniami, grający w Juventusie Paulo Dybala
75%
Strzelec jedynej bramki w finale MŚ 2014 Mario Gotze
69%
Legenda Liverpoolu, obecny trenet Glasgow Rangers Steven Gerrard
67%
Strzelec bramki dla Polski na MŚ 2018 w meczu z Senegalem Grzegorz Krychowiak
66%
Strzelił gola Niemcom, obecnie ekspert TVP Sebastian Mila
66%
Król strzelców Premier League w sezonie 2017/18 Mohamed Salah
62%
Król strzelców Ekstraklasy w sezonie 2009/10 Robert Lewandowski
60%
Król strzelców MŚ 2018 Harry Kane
59%
Przeszedł z Cracovii do Mistrza Anglii Bartosz Kapustka
58%
Miał dwukrotnie zerwane więzadła w kolanie Arkadiusz Milik
50%
Nie znaleziono quizów pasujących do podanych kryteriów
Rozkład punktacji
Procent ludzi z każdym wynikiem
Percentyl według liczby udzielonych odpowiedzi
Twoja historia wyników
Nie rozwiązałeś tego quizu